Lady Gaga - Chansons commençant par E - Statistiques

Statistiques générales
  • Ce quiz a été pris 11 fois
  • Le résultat moyen est 3 sur 5
Statistiques - réponses
E % Correct
Eh, Eh (Nothing Else I Can Say)
75%
The Edge of Glory
75%
Enigma
63%
Electric Chapel
38%
Ev'ry Time We Say Goodbye avec Tony Bennett
13%
Aucun quiz correspondant
Distribution des résultats
% des personnes avec chaque résultat
Percentile par nombre de réponses
Votre historique - résultats
Vous n’avez pas pris ce quiz